| 000 | 00546nam a2200157 a 4500 | ||
|---|---|---|---|
| 008 | 120416s1947 ||||||||||||||||| || u | ||
| 050 | _aB 1292 Loc | ||
| 100 | _aWilburn, Raymond | ||
| 245 | 1 | 3 |
_aAn essay concerning human understanding _cedited by Raymond Wilburn |
| 260 |
_aLondon _bDent _c1947 |
||
| 300 | _axxv, 355p. | ||
| 350 | _a0.00 | ||
| 650 | _aPHILOSOPHY | ||
| 700 | _aLocke, John | ||
| 995 |
_D0.00 _FCBU-MAIN LIBRARY (Kitwe) _H1 _I0.00 _UAVAILABLE _ZAnnex Low-Usage Collection |
||
| 999 |
_c42346 _d42346 |
||